[Event "Challenge"]
[Site "http://www.queenalice.com/game.php?id=1245472"]
[Date "2014.1.4"]
[Round "-"]
[White "nathmurr"]
[Black "adriana_p"]
[Result "1-0"]
[WhiteElo "1348"]
[BlackElo "1483"]

1. e4 e5 2. Nf3 d6 3. Nc3 c6 4. d3 h6 5. Be2 g5 6. Nd2 b5 7. f3 Nf6 8. b4 Nh5 9.
Nb3 Nf4 10. Bf1 c5 11. Nxb5 cxb4 12. Bb2 Qb6 13. d4 f6 14. g3 Ne6 15. d5 Nc5 16.
Nxc5 Qxc5 17. a3 Ba6 18. a4 Nd7 19. c3 h5 20. cxb4 Qxb4+ 21. Qd2 Qxd2+ 22. Kxd2
Bxb5 23. Bxb5 a6 24. Be2 Nc5 25. Ra3 Rb8 26. Rb1 Be7 27. Kc2 O-O 28. h4 gxh4 29.
gxh4 a5 30. f4 exf4 31. Bxh5 Nxe4 32. Rg1+ Kh7 33. Bg6+ Kh6 34. Bxe4 f5 35. Bf3
Bxh4 36. Rh1 Kg5 37. Bd4 Rbe8 38. Ra2 Re7 39. Raa1 Rc7+ 40. Kd2 Rff7 41. Rag1+
Bg3 42. Bc3 Rxc3 43. Kxc3 Kf6 44. Rb1 Ke5 45. Rh6 Rf6 46. Rxf6 Kxf6 47. Rb5 Be1+
48. Kc4 1-0

[Event "Challenge"]
[Site "http://www.queenalice.com/game.php?id=1245612"]
[Date "2014.1.5"]
[Round "-"]
[White "adriana_p"]
[Black "Givanildo"]
[Result "1-0"]
[WhiteElo "1475"]
[BlackElo "1503"]

1. e4 e5 2. Qf3 d5 3. exd5 Bd6 4. d3 h6 5. h3 Nf6 6. Nc3 Bd7 7. b3 Bb4 8. Bb2
Bb5 9. a3 Bxc3+ 10. Bxc3 Nxd5 11. Bxe5 Qe7 12. Qe4 Bc6 13. Bxg7 Qxe4+ 14. dxe4
Nc3 15. Bxh8 Nxe4 16. f3 Ng3 17. Rh2 Nd7 18. Bd3 O-O-O 19. Bd4 Re8+ 20. Kd2 Bd5
21. Re1 Be6 22. h4 b6 23. Bf2 Nh5 24. g4 Nf4 25. Bf5 Nc5 26. Bxe6+ fxe6 27. Be3
Rd8+ 28. Kc1 Nd5 29. Bxh6 a5 30. Bg5 Rd7 31. Rd2 Rd6 32. h5 b5 33. h6 a4 34. h7
Rc6 35. h8=Q+ Kb7 36. b4 Nb3+ 37. Kd1 Nc3+ 38. Qxc3 Rxc3 39. Rxe6 Nxd2 40. Kxd2
Rxa3 41. Re5 Kb6 42. Be3+ Ka6 43. Re6+ Kb7 44. Nh3 Ra1 45. Bd4 Ra3 46. Ng5 Kc8
47. f4 Rg3 48. Be5 a3 49. Rc6 Rg2+ 50. Kc1 Rg1+ 51. Kd2 Rg2+ 52. Ke3 Kd7 53.
Rxc7+ Kd8 54. Nf7+ Ke8 55. g5 Rg1 56. f5 Re1+ 57. Kf4 a2 58. Bc3 Re2 59. Nd6+
Kd8 60. Ra7 Rxc2 61. Nxb5 Kc8 62. Be5 Rc4+ 63. Nd4 Rxb4 64. Rxa2 Kd7 65. g6 Rb8
66. Bxb8 1-0

[Event "Challenge"]
[Site "http://www.queenalice.com/game.php?id=1245614"]
[Date "2014.1.5"]
[Round "-"]
[White "adriana_p"]
[Black "bambi54"]
[Result "1-0"]
[WhiteElo "1479"]
[BlackElo "1381"]

1. e4 e5 2. Qf3 Nc6 3. Bc4 f6 4. Ne2 d6 5. Na3 Bd7 6. h3 Nh6 7. d3 Qe7 8. Nb5
O-O-O 9. Qe3 f5 10. exf5 Nxf5 11. Nxa7+ Nxa7 12. Qxa7 c5 13. b3 g6 14. Bd5 Bc6
15. Bxc6 Kc7 16. Qxb7# 1-0

[Event "Challenge"]
[Site "http://www.queenalice.com/game.php?id=1245615"]
[Date "2014.1.5"]
[Round "-"]
[White "Givanildo"]
[Black "adriana_p"]
[Result "0-1"]
[WhiteElo "1492"]
[BlackElo "1462"]

1. e4 e5 2. c4 Qf6 3. d3 Bc5 4. Nf3 h6 5. Be2 Ne7 6. Bd2 Ng6 7. g3 Na6 8. Qb3 c6
9. Nc3 O-O 10. O-O-O Nb4 11. d4 exd4 12. e5 Nd3+ 13. Bxd3 Qxf3 14. Be4 Qh5 15.
Na4 Be7 16. c5 Qxe5 17. Bxg6 Qe6 18. Bxf7+ Qxf7 19. Qa3 Qxf2 20. Bf4 Bg5 21.
Qb3+ Rf7 22. Rhf1 Bxf4+ 23. gxf4 Qe3+ 24. Qxe3 dxe3 25. Nc3 d5 26. cxd6 Bg4 27.
Rde1 Re8 28. Rg1 h5 29. h3 Bxh3 30. Rg3 Bg4 31. Rgxe3 Rxe3 32. Rxe3 Rxf4 33.
Re8+ Kf7 34. Rd8 Rf1+ 35. Kd2 Rf2+ 36. Ke1 Rxb2 37. Ne4 Re2+ 38. Kf1 Rxe4 39.
Rc8 Bxc8 40. Kf2 Rd4 41. d7 Bxd7 0-1

[Event "Challenge"]
[Site "http://www.queenalice.com/game.php?id=1246304"]
[Date "2014.1.8"]
[Round "-"]
[White "adriana_p"]
[Black "Oscar1961"]
[Result "1-0"]
[WhiteElo "1475"]
[BlackElo "1208"]

1. e4 e5 2. Qf3 f6 3. Bc4 Ne7 4. Nc3 c6 5. d3 b5 6. Bb3 a5 7. Bg5 h6 8. Bh4 a4
9. Bxa4 bxa4 10. b3 g5 11. Qh5+ Ng6 12. Qxg6+ Ke7 13. Bg3 h5 14. Qf5 h4 15. Bxe5
d6 16. Qxf6+ Kd7 17. Qxh8 dxe5 18. Qxe5 Bb4 19. Qd4+ Bd6 20. bxa4 Qa5 21. Ne2 c5
22. Qg7+ Kc6 23. O-O c4 24. dxc4 Be5 25. Qxg5 h3 26. Qh6+ Kc7 27. Nd5+ Kb7 28.
Rab1+ Ka7 29. Qb6+ Qxb6 30. Nxb6 Bg4 31. Nxa8 Bxe2 32. Rfe1 Kxa8 33. Rxe2 Nc6
34. gxh3 Nd4 35. Re3 Nxc2 36. Rd3 Bf6 37. a5 Bg5 38. a6 Ka7 39. Rd6 Bh4 40. Rb7+
Ka8 41. Rh6 Nb4 42. Rh8+ Bd8 43. Rxd8# 1-0

[Event "Challenge"]
[Site "http://www.queenalice.com/game.php?id=1246838"]
[Date "2014.1.10"]
[Round "-"]
[White "Givanildo"]
[Black "adriana_p"]
[Result "1-0"]
[WhiteElo "1487"]
[BlackElo "1491"]

1. e3 e5 2. Bc4 Qf6 3. b3 Bc5 4. Bb2 c6 5. Nc3 d5 6. Be2 d4 7. Ne4 Qd6 8. Nxd6+
Bxd6 9. exd4 exd4 10. Bxd4 f6 11. Nf3 Ne7 12. O-O O-O 13. Nh4 b6 14. Bc4+ Nd5
15. Qf3 Be7 16. Bxd5+ Kh8 17. Be4 Bb7 18. Qh5 1-0

[Event "Challenge"]
[Site "http://www.queenalice.com/game.php?id=1246840"]
[Date "2014.1.10"]
[Round "-"]
[White "adriana_p"]
[Black "Givanildo"]
[Result "0-1"]
[WhiteElo "1492"]
[BlackElo "1484"]

1. e4 e5 2. Qf3 Nh6 3. Bc4 d5 4. exd5 Bd6 5. h3 Nd7 6. a3 Nb6 7. Bb5+ Bd7 8.
Bxd7+ Nxd7 9. d3 Qe7 10. Nc3 e4 11. dxe4 Ne5 12. Qg3 O-O 13. Kf1 Neg4 14. Qd3
Nh2+ 15. Ke1 Nf5 16. Nf3 Nxf3+ 17. gxf3 Qh4 18. Bd2 Ng3 19. fxg3 Qxg3+ 20. Kd1
Bc5 21. Qf1 f5 22. exf5 Rxf5 23. f4 Re8 24. b4 Bd4 25. Ra2 Bxc3 26. Bxc3 Qxc3
27. Rh2 Rxd5+ 28. Kc1 Re1+ 29. Qxe1 Qxe1+ 30. Kb2 Qd1 31. Ra1 Qd4+ 32. c3 Qxf4
33. Rc2 Rd2 34. Rxd2 Qxd2+ 35. Kb3 b5 36. Ra2 Qd5+ 37. Kb2 c5 38. bxc5 Qxc5 39.
h4 a5 40. a4 b4 41. cxb4 Qxb4+ 42. Ka1 Qxh4 43. Kb2 g5 0-1

[Event "Challenge"]
[Site "http://www.queenalice.com/game.php?id=1247103"]
[Date "2014.1.11"]
[Round "-"]
[White "DAN1958"]
[Black "adriana_p"]
[Result "0-1"]
[WhiteElo "1172"]
[BlackElo "1502"]

1. e4 e5 2. Nf3 Qf6 3. Bd3 Bc5 4. g3 g5 5. g4 Nh6 6. h3 Na6 7. a3 c6 8. Nc3 b5
9. Be2 O-O 10. d3 Qd6 11. Qd2 f6 12. h4 Nxg4 13. Nxg5 Nxf2 14. Rf1 fxg5 15.
Qxg5+ Qg6 16. Qxg6+ hxg6 17. h5 gxh5 18. Bh6 Rf6 19. Bg5 Rg6 20. Bh4 Nh3 21.
Bxh5 Rh6 22. Rf5 d6 23. Rg5+ Nxg5 24. Bxg5 Rxh5 25. Bc1 Rh1+ 26. Kd2 Rh2+ 27.
Ne2 Bg4 28. Kc3 Rxe2 29. Bd2 Bd4+ 0-1

[Event "Challenge"]
[Site "http://www.queenalice.com/game.php?id=1247104"]
[Date "2014.1.11"]
[Round "-"]
[White "adriana_p"]
[Black "nathmurr"]
[Result "1-0"]
[WhiteElo "1462"]
[BlackElo "1380"]

1. e4 d5 2. exd5 Qxd5 3. Qf3 Qxf3 4. Nxf3 Bd7 5. Nc3 Na6 6. Nb5 Bxb5 7. Bxb5+ c6
8. Be2 Nb4 9. O-O Nxc2 10. Rb1 Nb4 11. Bc4 b5 12. Bb3 Nd3 13. g4 h5 14. g5 Rd8
15. h4 g6 16. Bc2 Nb4 17. Be4 f5 18. Ne5 fxe4 19. Nxg6 Rh7 20. Nxf8 Kxf8 21. b3
Nd3 22. Ba3 b4 23. Bb2 Nxb2 24. Rxb2 c5 25. Rc2 Rc8 26. Re1 e6 27. Rxe4 Re7 28.
f4 a5 29. d4 c4 30. bxc4 Rb7 31. Rxe6 b3 32. axb3 Rxb3 33. Ra6 Ra3 34. c5 Re8
35. c6 Re1+ 36. Kf2 Rae3 37. c7 Ne7 38. Rxa5 Nc6 39. c8=Q+ 1-0

[Event "Challenge"]
[Site "http://www.queenalice.com/game.php?id=1247112"]
[Date "2014.1.11"]
[Round "-"]
[White "adriana_p"]
[Black "Givanildo"]
[Result "0-1"]
[WhiteElo "1476"]
[BlackElo "1535"]

1. e4 b6 2. Qf3 e5 3. Bc4 f6 4. Nh3 c6 5. Ng5 d5 6. exd5 b5 7. Ne6 Bxe6 8. dxe6
bxc4 9. Nc3 Ne7 10. Nb5 Nd5 11. c3 cxb5 12. O-O Qe7 13. b3 Qxe6 14. bxc4 bxc4
15. a4 e4 16. Qh3 Qxh3 17. gxh3 Nd7 18. Re1 e3 19. fxe3 Bc5 20. h4 Ne5 21. Rf1
O-O 22. Rb1 a6 23. Rf5 g6 24. Rf1 Nd3 25. h3 Nxc1 26. Rbxc1 h6 27. Rce1 Rab8 28.
a5 Rb2 29. Rf2 f5 30. Kf1 f4 31. exf4 Bxf2 32. Kxf2 Rxd2+ 33. Kg1 Rxf4 34. Re6
Rd1+ 35. Kh2 Rd2+ 36. Kg1 Rxh4 37. Rxg6+ Kh7 38. Rxa6 Nf4 39. Rc6 Nxh3+ 40. Kf1
Nf4 0-1

[Event "Challenge"]
[Site "http://www.queenalice.com/game.php?id=1247518"]
[Date "2014.1.12"]
[Round "-"]
[White "adriana_p"]
[Black "ulisses67"]
[Result "1-0"]
[WhiteElo "1554"]
[BlackElo "1415"]

1. e4 d5 2. exd5 Qxd5 3. Nc3 Qe5+ 4. Nge2 e6 5. a3 Bc5 6. d4 Bxd4 7. f4 Bxc3+ 8.
bxc3 Qf6 9. g3 Ne7 10. h4 e5 11. fxe5 Qxe5 12. Bf4 Qe4 13. Rg1 Nd5 14. Bg2 Qe6
15. Bxd5 Qb6 16. Bb3 Bg4 17. Qd5 Be6 18. Qd4 O-O 19. Bxe6 Qxe6 20. Bxc7 Re8 21.
Rg2 Nc6 22. Qd6 Qh3 23. Rg1 1-0

[Event "Challenge"]
[Site "http://www.queenalice.com/game.php?id=1247519"]
[Date "2014.1.12"]
[Round "-"]
[White "adriana_p"]
[Black "iliov2008"]
[Result "1-0"]
[WhiteElo "1573"]
[BlackElo "1388"]

1. e4 e5 2. Qf3 Nf6 3. Bc4 Nc6 4. c3 d6 5. h3 Be6 6. Bxe6 fxe6 7. g4 d5 8. exd5
exd5 9. d3 Bc5 10. b4 Bb6 11. Na3 Nd4 12. cxd4 Bxd4 13. Rb1 e4 14. dxe4 dxe4 15.
Qe2 O-O 16. Bb2 Bxb2 17. Rxb2 Qd5 18. Rh2 Rae8 19. Nb5 Qe5 20. Rg2 Qg5 21. Rd2
e3 22. Qc4+ Kh8 23. Re2 Nd7 24. fxe3 Rxe3 25. Rf2 Rfe8 26. Nxc7 R8e7 27. Nd5
Rxe2+ 28. Rxe2 Qh4+ 29. Kd1 Rxe2 30. Qc8+ Re8 31. Qxe8+ Nf8 32. Qxf8# 1-0

[Event "Challenge"]
[Site "http://www.queenalice.com/game.php?id=1247520"]
[Date "2014.1.12"]
[Round "-"]
[White "praddock"]
[Black "adriana_p"]
[Result "0-1"]
[WhiteElo "1232"]
[BlackElo "1595"]

1. e4 e5 2. Nf3 Qf6 3. d4 exd4 4. Qxd4 Nc6 5. Be3 Nxd4 6. Bxd4 Qd6 7. Nc3 a6 8.
Be3 Nf6 9. Bd3 Ng4 10. O-O-O Nxe3 11. fxe3 f6 12. Nd5 g5 13. Rd2 c6 0-1

[Event "Challenge"]
[Site "http://www.queenalice.com/game.php?id=1247521"]
[Date "2014.1.12"]
[Round "-"]
[White "adriana_p"]
[Black "praddock"]
[Result "1-0"]
[WhiteElo "1597"]
[BlackElo "1230"]

1. e4 e5 2. Qf3 Nh6 3. Bc4 Qe7 4. b3 d6 5. h3 Be6 6. Bxe6 Qxe6 7. Na3 Nc6 8. c3
g6 9. Ne2 Bg7 10. Nb5 O-O 11. Nxc7 Qd7 12. Nxa8 Rxa8 13. b4 1-0

[Event "Challenge"]
[Site "http://www.queenalice.com/game.php?id=1247522"]
[Date "2014.1.12"]
[Round "-"]
[White "Vivianna"]
[Black "adriana_p"]
[Result "0-1"]
[WhiteElo "1301"]
[BlackElo "1548"]

1. d4 e6 2. Bd2 Qf6 3. e3 Nc6 4. Nc3 a6 5. Nf3 g5 6. Bd3 Nh6 7. O-O g4 8. Ne5
Nxe5 9. dxe5 Qxe5 10. g3 b5 11. e4 Bb7 12. Bf4 Qc5 13. Be3 Qb4 14. Bf4 Qxb2 15.
f3 Qxc3 16. fxg4 f6 17. g5 fxg5 18. Bd2 Qd4+ 19. Kh1 Bxe4+ 20. Bxe4 Qxe4+ 21.
Kg1 Bc5+ 22. Rf2 Bxf2+ 23. Kxf2 Rf8+ 24. Bf4 gxf4 25. Qf3 fxg3+ 26. hxg3 Qxf3+
27. Ke1 Qf1+ 28. Kd2 Qxa1 29. Kd3 Rf3+ 30. Ke4 Rxg3 31. Kf4 Rg4+ 32. Kf3 Qc3+
33. Kf2 Qxc2+ 34. Kf3 Qxa2 35. Ke3 Qa3+ 36. Ke2 Rg2+ 37. Kf1 Qa2 38. Ke1 Qa1#
0-1

[Event "Challenge"]
[Site "http://www.queenalice.com/game.php?id=1247763"]
[Date "2014.1.14"]
[Round "-"]
[White "adriana_p"]
[Black "Givanildo"]
[Result "1-0"]
[WhiteElo "1482"]
[BlackElo "1546"]

1. e4 e5 2. Qf3 g6 3. Bc4 f6 4. Nh3 b6 5. Ng5 Nc6 6. c3 a6 7. Nf7 Qe7 8. Nxh8 b5
9. Bxg8 Bg7 10. Bxh7 Bxh8 11. Bxg6+ Kd8 12. Qh3 Bg7 13. b4 d5 14. Bf5 Bxf5 15.
Qxf5 d4 16. Qf3 a5 17. bxa5 Rxa5 18. cxd4 Nxd4 19. Qd3 Qc5 20. O-O Kc8 21. Ba3
b4 22. Bb2 Nc2 23. Rc1 b3 24. Qxb3 Nxa1 25. Qg8+ Qf8 26. Qxf8+ Bxf8 27. Bxa1
Rxa2 28. Bc3 Ra4 29. f3 Bc5+ 30. Kf1 Rc4 31. h4 Bd4 32. h5 f5 33. h6 fxe4 34.
fxe4 Rc6 35. h7 Rh6 36. Bxd4 exd4 37. Rc4 Rxh7 38. Na3 Rf7+ 39. Ke2 Rd7 40. Kd3
Rd6 41. Nb5 Rd7 42. Nxd4 Kb7 43. g4 Kb6 44. g5 c5 45. g6 cxd4 46. Rxd4 Rg7 47.
Rd6+ Kc5 48. e5 Re7 49. Kc3 Rxe5 50. d4+ Kxd6 51. dxe5+ Ke6 52. Kd4 Ke7 53. Kd5
Kf8 54. e6 Ke8 55. Ke5 Kf8 56. Kf6 Kg8 57. e7 Kh8 58. e8=Q# 1-0

[Event "Challenge"]
[Site "http://www.queenalice.com/game.php?id=1247765"]
[Date "2014.1.14"]
[Round "-"]
[White "Givanildo"]
[Black "adriana_p"]
[Result "1/2-1/2"]
[WhiteElo "1531"]
[BlackElo "1501"]

1. b3 e5 2. Bb2 Qf6 3. Nh3 Bc5 4. e3 d5 5. d4 exd4 6. Bd3 Nc6 7. a3 a6 8. Nf4
Nge7 9. b4 Bb6 10. Nh5 Qg5 11. Ng3 dxe3 12. O-O exf2+ 13. Kh1 Bg4 14. Bc1 Qh4
15. Be2 Bxe2 16. Qxe2 h6 17. Nf5 Qf6 18. Nxe7 Nxe7 19. c3 g5 20. b5 axb5 21.
Qxb5+ Nc6 22. Qe2+ Ne7 23. Bb2 O-O 24. c4 Bd4 25. Ra2 dxc4 26. Bxd4 Qxd4 27.
Qxe7 Rfe8 28. Qb4 c5 29. Qb2 Qxb2 30. Rxb2 c3 31. Nxc3 Rxa3 32. Nd5 Re1 33. Rxf2
Rxf1+ 34. Rxf1 c4 35. Nf6+ Kg7 36. Ne8+ Kf8 37. Nd6 Ke7 38. Nxc4 Ra4 39. Nb6 Ra5
40. Nc4 Ra4 41. Re1+ Kf6 42. Nd6 b6 43. g3 Rd4 44. Rf1+ Ke6 45. Nxf7 b5 46. Nxh6
b4 47. Ng8 b3 48. Rb1 Rd3 49. Nh6 Kf6 50. Ng4+ Kf5 51. Nf2 Rf3 52. Kg2 Re3 53.
g4+ Kf4 54. h3 Rg3+ 55. Kh2 Rf3 56. Nd1 Rd3 1/2-1/2

[Event "Challenge"]
[Site "http://www.queenalice.com/game.php?id=1248533"]
[Date "2014.1.16"]
[Round "-"]
[White "Oscar1961"]
[Black "adriana_p"]
[Result "0-1"]
[WhiteElo "1231"]
[BlackElo "1548"]

1. e4 e5 2. Nf3 Nc6 3. Bb5 f6 4. Bxc6 bxc6 5. O-O Ba6 6. d3 g5 7. a4 d5 8. exd5
cxd5 9. b3 Bh6 10. Qe1 Qe7 11. Nc3 c6 12. Ra3 g4 13. Nh4 Bxc1 14. Qxc1 Bc8 15.
a5 a6 16. Qd1 Qxa3 17. Qe2 Qxa5 18. Na4 Nh6 19. Qe3 Nf5 20. Nxf5 Bxf5 21. Qh6
O-O-O 22. Qxf6 Bd7 23. Qxe5 c5 24. Qxd5 Bxa4 25. Qg5 Bd7 26. Qe5 h5 27. d4 Rde8
28. Qf4 Re1 29. h3 gxh3 30. gxh3 Rg8+ 31. Kh2 Rxf1 32. h4 Qe1 33. dxc5 Rh1# 0-1

[Event "Adri vs. Ana • Revenge"]
[Site "http://www.queenalice.com/game.php?id=1252081"]
[Date "2014.1.28"]
[Round "-"]
[White "adriana_p"]
[Black "Ana_Cris"]
[Result "1-0"]
[WhiteElo "1551"]
[BlackElo "1511"]

1. e4 Nf6 2. Nc3 e5 3. Qf3 c6 4. a4 Bc5 5. Bc4 b6 6. Nh3 Ba6 7. Bxa6 Nxa6 8. Na2
d5 9. exd5 cxd5 10. c3 O-O 11. b4 e4 12. Qe2 Nc7 13. bxc5 bxc5 14. Ba3 Ne6 15.
O-O Rb8 16. d3 Rb3 17. Bc1 Qa5 18. dxe4 dxe4 19. Qc4 Rb6 20. Be3 Rd8 21. Ng5 Rd5
22. Nxe6 fxe6 23. h3 Rb8 24. Nc1 h6 25. Ne2 g5 26. Ng3 Re5 27. Rfb1 Rxb1+ 28.
Rxb1 Qc7 29. Rb5 a6 30. Rxc5 Rxc5 31. Bxc5 Kh7 32. Nxe4 Qf4 33. Nxf6+ Qxf6 34.
Qxa6 Qxc3 35. Bf8 Qe1+ 36. Kh2 Qxf2 37. Qb7+ Kg6 38. Qg7+ Kf5 39. Qxh6 Qf4+ 40.
Kg1 Qxa4 41. g4+ Kf4 42. Qxe6 Qd1+ 43. Kf2 Qf3+ 44. Ke1 Qxh3 45. Bd6+ Kf3 46.
Qe2# 1-0

[Event "Lamborgh. Aventador x VenenoRoad"]
[Site "http://www.queenalice.com/game.php?id=1252889"]
[Date "2014.1.31"]
[Round "-"]
[White "Ana_Cris"]
[Black "adriana_p"]
[Result "1-0"]
[WhiteElo "1492"]
[BlackElo "1565"]

1. b4 e6 2. b5 Qf6 3. e3 Qxa1 4. Nc3 Nh6 5. Bd3 Ng4 6. Nh3 Ne5 7. O-O Nxd3 8.
cxd3 Bb4 9. Qb3 Bxc3 10. dxc3 c6 11. Bd2 Qxf1+ 12. Kxf1 cxb5 13. Qb4 Nc6 14.
Qxb5 O-O 15. e4 a6 16. Qh5 d5 17. Ng5 h6 18. Nf3 Ne7 19. g3 Ng6 20. h4 dxe4 21.
dxe4 e5 22. Be3 Bh3+ 23. Kg1 Rac8 24. Bd2 Rfd8 25. Kh2 Be6 26. a3 b5 27. g4 Rxd2
28. Nxd2 Nf4 29. Qxe5 Nd3 30. Qd4 Nf4 31. Qe3 g5 32. hxg5 hxg5 33. Kg3 a5 34. e5
Ng6 35. Qd4 Ne7 36. Ne4 Rc4 37. Qd8+ Kg7 38. f3 a4 39. Qxe7 Kg8 40. Nf6+ Kg7 41.
Nh5+ Kg8 42. Qxg5+ Kf8 43. Qd8# 1-0

[Event "Challenge"]
[Site "http://www.queenalice.com/game.php?id=1252955"]
[Date "2014.1.31"]
[Round "-"]
[White "adriana_p"]
[Black "Oscar1961"]
[Result "1-0"]
[WhiteElo "1546"]
[BlackElo "1206"]

1. e4 e5 2. Qf3 Nc6 3. c3 Nf6 4. h3 d6 5. Na3 a6 6. b4 a5 7. b5 Ne7 8. g4 d5 9.
exd5 Nfxd5 10. Bc4 Nb6 11. Bxf7+ Kd7 12. Qd3+ Ned5 13. Bxd5 Bxa3 14. Bxa3 Na4
15. Qf5+ Ke8 16. Qf7# 1-0

[Event "Porshe Carrera GT vs Audi R8 V10"]
[Site "http://www.queenalice.com/game.php?id=1253890"]
[Date "2014.2.5"]
[Round "-"]
[White "adriana_p"]
[Black "Ana_Cris"]
[Result "1-0"]
[WhiteElo "1599"]
[BlackElo "1542"]

1. e4 g5 2. g4 d6 3. h3 Nd7 4. b3 Nc5 5. Bb2 f6 6. Bg2 e5 7. d4 exd4 8. Bxd4 Ne6
9. Be3 Bd7 10. Na3 Bc6 11. f3 Qd7 12. Ne2 b6 13. Nd4 Nxd4 14. Bxd4 O-O-O 15. h4
Bb5 16. Nxb5 Qxb5 17. hxg5 Qxg5 18. Qd2 Qxd2+ 19. Kxd2 h6 20. g5 Rh7 21. gxf6
Rf7 22. Bh3+ Kb8 23. Be6 Rh7 24. Bxg8 c5 25. Bxh7 cxd4 26. Kd3 Rd7 27. Bf5 Rf7
28. Kxd4 Rxf6 29. Kd5 Kc7 30. c4 a5 31. Rag1 b5 32. cxb5 Kb6 33. a4 Be7 34. Rg6
Rxg6 35. Bxg6 Bg5 36. Kxd6 Bf4+ 37. Kd5 Be3 38. e5 Kc7 39. e6 Kd8 40. Bh5 Ke7
41. Re1 Bf4 42. Re4 Bg5 43. b6 Kd8 44. b7 Kc7 45. f4 Bf6 46. e7 Bxe7 47. Rxe7+
Kb8 48. f5 Ka7 49. Bf3 Kb8 50. Kc4 h5 51. Re8+ 1-0

[Event "quick game "]
[Site "http://www.queenalice.com/game.php?id=1255384"]
[Date "2014.2.10"]
[Round "-"]
[White "homossexuais"]
[Black "adriana_p"]
[Result "1-0"]
[WhiteElo "1500"]
[BlackElo "1582"]

1. e4 e5 2. Nf3 Nc6 3. Bb5 a6 4. Ba4 b5 5. Bb3 Nd4 6. Nxd4 exd4 7. Bxf7+ Kxf7 8.
Qh5+ g6 9. Qd5+ Ke8 10. Qxa8 Ne7 11. O-O h5 12. d3 h4 13. Bg5 d6 14. Bf6 Rh7 15.
Bxd4 c5 16. Bf6 Bg7 17. Bxg7 Rxg7 18. Nc3 h3 19. g3 g5 20. a4 bxa4 21. Rxa4 Bd7
22. Rxa6 Qxa8 23. Rxa8+ Nc8 24. e5 dxe5 25. Ne4 Rg6 26. Re1 Kf7 27. Nxc5 Nb6 28.
Ra7 Ke7 29. Rxe5+ Kd6 30. Rxg5 Rxg5 31. Ne4+ Kc6 32. Nxg5 Nc8 33. Ra4 Kc7 34.
Rh4 Nd6 35. Nxh3 Bxh3 36. Rxh3 Nf5 37. b4 Kb6 38. c4 1-0